00461nam a2200193Ia 4500003000400000005001700004008004100021020001800062040000700080041000800087082001900095100001800114245001800132260005300150300001700203365001300220650001600233650001800249OSt20230518160631.0210423s2013 xx 000 0 und d a81-8283-235-7 cAL aeng a512.7 KISN223 aKISHAN (Hari) aNumber theory aNew DelhibKrishna Prakashan Media (P) Ltdc2013 aviii,258bPB b160cINR aMathematics aNumber Theory